Servicios financieros para las micros y pequeñas empresas: desempeño e impacto socioeconómico de BN-Desarrollo (Registro nro. 3445)
[ vista simple ]
| 000 -CABECERA | |
|---|---|
| campo de control de longitud fija | 00895aam a2200277 4500 |
| 005 - FECHA Y HORA DE ACTUALIZACIÓN | |
| campo de control | 20161122133122.0 |
| 008 - LONGITUD FIJA | |
| campo de control de longitud fija | 150227b xxu||||| |||| 00| 0 eng d |
| 041 ## - IDIOMA | |
| Código de idioma del texto/pista de sonido o título separado | |
| 082 ## - CLASIFICACIÓN DECIMAL DEWEY | |
| Número de clasificación | 658.022 M743s |
| 100 ## - AUTOR PERSONAL | |
| Nombre de persona | Monge González, Ricardo |
| 245 ## - TÍTULO PROPIAMENTE DICHO | |
| Título | Servicios financieros para las micros y pequeñas empresas: desempeño e impacto socioeconómico de BN-Desarrollo |
| 260 ## - PIE DE IMPRENTA | |
| Lugar de publicación, distribución, etc. | Costa Rica |
| Nombre del editor, distribuidor, etc. | Tecnológica de Costa Rica |
| Fecha de publicación, distribución, etc. | 2007 |
| 300 ## - DESCRIPCIÓN FÍSICA | |
| Extensión | 156 páginas |
| 650 ## - Materia General | |
| Materia general | COSTA RICA |
| 650 ## - Materia General | |
| Materia general | ADMINISTRACIÓN |
| 650 ## - Materia General | |
| Materia general | PEQUEÑA EMPRESA |
| 650 ## - Materia General | |
| Materia general | MEDIANA EMPRESA |
| 650 ## - Materia General | |
| Materia general | PYMES |
| 650 ## - Materia General | |
| Materia general | BANCA DE DESARROLLO |
| 650 ## - Materia General | |
| Materia general | MICROEMPRESAS |
| 650 ## - Materia General | |
| Materia general | ECONOMÍA |
| 650 ## - Materia General | |
| Materia general | SERVICIOS FINANCIEROS |
| 650 ## - Materia General | |
| Materia general | SECTOR PRODUCTIVO |
| 650 ## - Materia General | |
| Materia general | BANCO NACIONAL DE COSTA RICA |
| 942 ## - Punto de Acceso Adicional Koha | |
| Tipo de ítem Koha | Libro |
| Estado perdido | Estado dañado | No para préstamo | Biblioteca permanente | Biblioteca actual | Signatura completa | Código de barras | Precio efectivo a partir del | Tipo de ítem |
|---|---|---|---|---|---|---|---|---|
| Departamento de Biblioteca y Documentación Alfonso Chase Brenes | Departamento de Biblioteca y Documentación Alfonso Chase Brenes | 658.022 M743s | 18621 | 30/03/2016 | Libro | |||
| Departamento de Biblioteca y Documentación Alfonso Chase Brenes | Departamento de Biblioteca y Documentación Alfonso Chase Brenes | 658.022 M743s | 18622 | 30/03/2016 | Libro | |||
| Departamento de Biblioteca y Documentación Alfonso Chase Brenes | Departamento de Biblioteca y Documentación Alfonso Chase Brenes | 658.022 M743s | 18623 | 30/03/2016 | Libro | |||
| Departamento de Biblioteca y Documentación Alfonso Chase Brenes | Departamento de Biblioteca y Documentación Alfonso Chase Brenes | 658.022 M743s | 16127 | 30/03/2016 | Libro | |||
| Departamento de Biblioteca y Documentación Alfonso Chase Brenes | Departamento de Biblioteca y Documentación Alfonso Chase Brenes | 658.022 M743s | 12453 | 30/03/2016 | Libro | |||
| Departamento de Biblioteca y Documentación Alfonso Chase Brenes | Departamento de Biblioteca y Documentación Alfonso Chase Brenes | 658.022 M743s | 20885 | 30/03/2016 | Libro | |||
| Departamento de Biblioteca y Documentación Alfonso Chase Brenes | Departamento de Biblioteca y Documentación Alfonso Chase Brenes | 658.022 M743s | 20886 | 30/03/2016 | Libro | |||
| Departamento de Biblioteca y Documentación Alfonso Chase Brenes | Departamento de Biblioteca y Documentación Alfonso Chase Brenes | 658.022 M743s | 15047 | 04/03/2022 | Libro |